| 000 | 00756pam a2200229 a 4500 | ||
|---|---|---|---|
| 001 | 4978825 | ||
| 005 | 20231204051530.0 | ||
| 008 | 980127s1998 ii a b 001 0 eng | ||
| 020 | _a8170367034 (India : HB) | ||
| 020 | _a0761992480 (US : HB) | ||
| 040 |
_aDLC _cDLC _dDLC |
||
| 082 | 0 | 0 |
_a305.48/9654 _221 |
| 245 | 0 | 0 |
_aWidows in India : _bsocial neglect and public action / _ceditor, Martha Alter Chen. |
| 260 |
_aNew Delhi ; _aThousand Oaks, Calif. : _bSage Publications, _c1998. |
||
| 300 | _a455 p. : | ||
| 650 | 0 | _aWidows | |
| 650 | 0 | _aWidows | |
| 700 | 1 |
_aChen, Martha Alter. _eedt |
|
| 856 | 4 | 1 | _uhttp://www.loc.gov/catdir/enhancements/fy0657/98011272-t.html |
| 856 | 4 | 2 | _uhttp://www.loc.gov/catdir/enhancements/fy0660/98011272-d.html |
| 942 | _cL | ||
| 999 |
_c133 _d133 |
||